Engineering Graphics and Drafting / (Record no. 588810)

000 -LEADER
fixed length control field 00362nam a22001577a 4500
003 - CONTROL NUMBER IDENTIFIER
control field NUST
020 ## - INTERNATIONAL STANDARD BOOK NUMBER
International Standard Book Number 8185749612
038 ## - RECORD CONTENT LICENSOR
Staff Name Khadija
082 ## - DEWEY DECIMAL CLASSIFICATION NUMBER
Classification number 744.422
Author Mark GIL
100 ## - MAIN ENTRY--PERSONAL NAME
Personal name Gill
9 (RLIN) 90613
245 ## - TITLE STATEMENT
Title Engineering Graphics and Drafting /
Statement of responsibility, etc. P.S. Gill
260 ## - PUBLICATION, DISTRIBUTION, ETC.
Place of publication, distribution, etc. New Delhi
Name of publisher, distributor, etc. S.K. Kataria & Sons
Date of publication, distribution, etc. 2001
300 ## - PHYSICAL DESCRIPTION
Extent p830
563 ## - BINDING INFORMATION
Binding note PB
942 ## - ADDED ENTRY ELEMENTS (KOHA)
Source of classification or shelving scheme
Koha item type Book
Holdings
Withdrawn status Lost status Source of classification or shelving scheme Damaged status Not for loan Permanent Location Current Location Shelving location Date acquired Total Checkouts Full call number Barcode Date last seen Date last checked out Price effective from Koha item type
          School of Mechanical & Manufacturing Engineering (SMME) School of Mechanical & Manufacturing Engineering (SMME) General Stacks 03/16/2022 1 744.422 GIL SMME-3716 10/20/2022 08/05/2022 03/16/2022 Book
© 2023 Central Library, National University of Sciences and Technology. All Rights Reserved.